An Introduction To Co-Operatives: A programmed Learning Text (Record no. 2840)

MARC details
005 - DATE AND TIME OF LATEST TRANSACTION
control field 20250529123133.0
020 ## - INTERNATIONAL STANDARD BOOK NUMBER
International Standard Book Number 0-903031-63-9
082 ## - DEWEY DECIMAL CLASSIFICATION NUMBER
Classification number 334.091 BOT
100 ## - MAIN ENTRY--PERSONAL NAME
Author name BOTTOMLEY, T.
245 ## - TITLE STATEMENT
Title An Introduction To Co-Operatives: A programmed Learning Text
260 ## - PUBLICATION, DISTRIBUTION, ETC.
Place of publication, distribution, etc. Nottingham,
Name of publisher, distributor, etc. Intermediate Technology Publications Ltd,
Date of publication, distribution, etc. 1994.
300 ## - PHYSICAL DESCRIPTION
Extent 67p.: ill.;
Dimensions 22cm.
942 ## - ADDED ENTRY ELEMENTS (KOHA)
Source of classification or shelving scheme Dewey Decimal Classification
Koha item type Books
Holdings
Date last seen Total checkouts Full call number Barcode Cost, replacement price Price effective from Koha item type Lost status Source of classification or shelving scheme Damaged status Not for loan Withdrawn status Home library Current library Shelving location Date acquired Cost, normal purchase price
05/29/2025   334.091 BOT 00000010446 30000.00 05/29/2025 Books   Dewey Decimal Classification       College of Business Education Main Library College of Business Education Main Library Special Reserve Collection 09/18/2000 10000.00